[Event "eytcc"]
[Site "?"]
[Date "2017.08.17"]
[Round "1.1"]
[White "Morozov, Nichita"]
[Black "Perske, Thore"]
[Result "1/2-1/2"]
[BlackElo "2431"]
[WhiteElo "2458"]
[LiveChessVersion "1.4.4"]

1. e4 {[%clk 1:30:59]} e6 {[%clk 1:30:48]} 2. d4 {[%clk 1:31:25]} d5
{[%clk 1:31:07]} 3. Nc3 {[%clk 1:31:52]} Nf6 {[%clk 1:30:37]} 4. Bg5
{[%clk 1:32:15]} Be7 {[%clk 1:30:25]} 5. e5 {[%clk 1:32:39]} Nfd7
{[%clk 1:30:48]} 6. Bxe7 {[%clk 1:33:06]} Qxe7 {[%clk 1:31:04]} 7. f4
{[%clk 1:33:32]} a6 {[%clk 1:31:11]} 8. Qg4 {[%clk 1:33:59]} O-O {[%clk 1:24:09]}
9. Nf3 {[%clk 1:34:02]} c5 {[%clk 1:17:48]} 10. Bd3 {[%clk 1:34:18]} f5
{[%clk 1:14:37]} 11. exf6 {[%clk 1:32:42]} Nxf6 {[%clk 1:10:34]} 12. Qh4
{[%clk 1:32:06]} Nc6 {[%clk 0:57:41]} 13. O-O {[%clk 1:31:46]} c4
{[%clk 0:54:03]} 14. Be2 {[%clk 1:30:24]} b5 {[%clk 0:50:58]} 15. Nd1
{[%clk 1:26:44]} Ne4 {[%clk 0:46:00]} 16. Qxe7 {[%clk 1:23:56]} Nxe7
{[%clk 0:45:26]} 17. g3 {[%clk 1:24:24]} Nf5 {[%clk 0:41:46]} 18. Nf2
{[%clk 1:22:10]} c3 {[%clk 0:38:28]} 19. bxc3 {[%clk 1:11:44]} Nxc3
{[%clk 0:33:52]} 20. Bd3 {[%clk 1:12:09]} Nd6 {[%clk 0:31:46]} 21. Rfe1
{[%clk 1:10:26]} h6 {[%clk 0:31:19]} 22. h4 {[%clk 1:09:09]} Ra7 {[%clk 0:31:09]}
23. Nd2 {[%clk 1:01:49]} Rc7 {[%clk 0:25:58]} 24. Nb3 {[%clk 1:01:59]} Nb7
{[%clk 0:22:18]} 25. Bg6 {[%clk 0:50:47]} Rd8 {[%clk 0:16:13]} 26. Re3
{[%clk 0:32:20]} a5 {[%clk 0:16:32]} 27. Nc5 {[%clk 0:32:45]} Nxc5
{[%clk 0:16:50]} 28. Rxc3 {[%clk 0:33:11]} Na6 {[%clk 0:17:17]} 29. Re3
{[%clk 0:32:50]} b4 {[%clk 0:16:33]} 30. Rae1 {[%clk 0:32:54]} Rf8
{[%clk 0:15:27]} 31. Ng4 {[%clk 0:27:57]} Bd7 {[%clk 0:10:27]} 32. a3
{[%clk 0:25:51]} Nb8 {[%clk 0:07:08]} 33. axb4 {[%clk 0:25:56]} axb4
{[%clk 0:07:37]} 34. Ne5 {[%clk 0:25:33]} Be8 {[%clk 0:03:23]} 35. Bd3
{[%clk 0:23:36]} Nd7 {[%clk 0:03:20]} 36. Rb1 {[%clk 0:23:17]} Nxe5
{[%clk 0:01:45]} 37. Rxe5 {[%clk 0:23:46]} Ba4 {[%clk 0:01:29]} 38. Rb2
{[%clk 0:24:10]} Rfc8 {[%clk 0:01:20]} 39. Re2 {[%clk 0:16:14]} Rc3
{[%clk 0:01:39]} 40. Rd2 {[%clk 0:38:55]} b3 {[%clk 0:30:36]} 41. cxb3
{[%clk 0:39:22]} Bxb3 {[%clk 0:30:26]} 42. Kf2 {[%clk 0:39:42]} Kf7
{[%clk 0:29:44]} 43. f5 {[%clk 0:38:01]} R8c6 {[%clk 0:27:21]} 44. Kg2
{[%clk 0:37:06]} exf5 {[%clk 0:24:38]} 45. Bxf5 {[%clk 0:37:35]} Re3
{[%clk 0:24:33]} 46. Rd3 {[%clk 0:37:41]} Rxd3 {[%clk 0:23:31]} 47. Bxd3
{[%clk 0:38:08]} Rc3 {[%clk 0:23:50]} 48. Rf2+ {[%clk 0:38:32]} Ke6
{[%clk 0:23:21]} 49. Bf5+ {[%clk 0:38:27]} Kd6 {[%clk 0:21:12]} 50. Bg6
{[%clk 0:37:59]} Rc7 {[%clk 0:19:55]} 51. Kh3 {[%clk 0:34:13]} Ba4
{[%clk 0:19:54]} 52. Kg4 {[%clk 0:32:19]} Bd7+ {[%clk 0:15:18]} 53. Kh5
{[%clk 0:31:53]} Be6 {[%clk 0:15:35]} 54. g4 {[%clk 0:29:32]} Rc4
{[%clk 0:13:29]} 55. Rf4 {[%clk 0:29:44]} Ke7 {[%clk 0:13:44]} 56. g5
{[%clk 0:29:37]} hxg5 {[%clk 0:14:08]} 57. hxg5 {[%clk 0:29:42]} Rc8
{[%clk 0:12:46]} 58. Bf5 {[%clk 0:28:38]} Bf7+ {[%clk 0:04:52]} 59. g6
{[%clk 0:29:02]} Be6 {[%clk 0:03:33]} 60. Bxe6 {[%clk 0:28:36]} Kxe6
{[%clk 0:04:01]} 61. Rf7 {[%clk 0:29:01]} Rh8+ {[%clk 0:04:15]} 62. Kg5
{[%clk 0:29:21]} Rh1 {[%clk 0:04:40]} 63. Rxg7 {[%clk 0:29:32]} Rg1+
{[%clk 0:05:07]} 64. Kf4 {[%clk 0:29:51]} Kf6 {[%clk 0:05:06]} 65. Rd7
{[%clk 0:28:42]} Rf1+ {[%clk 0:03:54]} 66. Ke3 {[%clk 0:29:08]} Kxg6
{[%clk 0:04:13]} 67. Rxd5 {[%clk 0:29:36]} Kf6 {[%clk 0:04:19]} 68. Re5
{[%clk 0:30:02]} Re1+ {[%clk 0:04:16]} 69. Kf4 {[%clk 0:30:29]} Rxe5
{[%clk 0:04:35]} 70. dxe5+ 1/2-1/2

[Event "eytcc"]
[Site "?"]
[Date "2017.08.17"]
[Round "1.2"]
[White "Keymer, Vincent"]
[Black "Macovei, Andrei"]
[Result "1-0"]
[BlackElo "2370"]
[WhiteElo "2432"]
[LiveChessVersion "1.4.4"]

1. d4 {[%clk 1:30:58]} Nf6 {[%clk 1:30:56]} 2. c4 {[%clk 1:31:24]} c5
{[%clk 1:31:17]} 3. d5 {[%clk 1:31:50]} b5 {[%clk 1:31:44]} 4. cxb5
{[%clk 1:32:15]} a6 {[%clk 1:32:12]} 5. bxa6 {[%clk 1:32:43]} g6 {[%clk 1:32:34]}
6. Nc3 {[%clk 1:32:58]} Bg7 {[%clk 1:33:00]} 7. e4 {[%clk 1:32:43]} O-O
{[%clk 1:33:24]} 8. a7 {[%clk 1:32:59]} Rxa7 {[%clk 1:33:45]} 9. Nf3
{[%clk 1:32:36]} e6 {[%clk 1:31:03]} 10. Be2 {[%clk 1:30:05]} exd5
{[%clk 1:29:42]} 11. exd5 {[%clk 1:30:28]} d6 {[%clk 1:30:01]} 12. O-O
{[%clk 1:30:20]} Na6 {[%clk 1:25:19]} 13. Bf4 {[%clk 1:29:02]} Nc7
{[%clk 1:17:39]} 14. h3 {[%clk 1:27:33]} Ba6 {[%clk 1:11:06]} 15. Bh2
{[%clk 1:23:46]} Re8 {[%clk 1:07:15]} 16. Bd3 {[%clk 1:18:52]} Qd7
{[%clk 0:55:12]} 17. Rc1 {[%clk 1:12:30]} Rb8 {[%clk 0:48:01]} 18. b3
{[%clk 1:12:34]} Nb5 {[%clk 0:44:46]} 19. Bxb5 {[%clk 1:11:52]} Bxb5
{[%clk 0:45:11]} 20. Re1 {[%clk 1:12:17]} Ba6 {[%clk 0:42:13]} 21. Nd2
{[%clk 1:10:10]} Rb4 {[%clk 0:40:10]} 22. Qc2 {[%clk 1:08:09]} Rd4
{[%clk 0:26:36]} 23. Nf3 {[%clk 1:06:44]} Rd3 {[%clk 0:26:37]} 24. Rcd1
{[%clk 1:01:45]} Rxd1 {[%clk 0:25:39]} 25. Qxd1 {[%clk 1:00:57]} Rb7
{[%clk 0:24:25]} 26. Nd2 {[%clk 0:59:10]} Rb4 {[%clk 0:24:01]} 27. Nde4
{[%clk 0:58:35]} Ne8 {[%clk 0:21:36]} 28. Qc1 {[%clk 0:52:44]} h6
{[%clk 0:19:21]} 29. Qe3 {[%clk 0:49:38]} Kh7 {[%clk 0:18:42]} 30. Na4
{[%clk 0:45:46]} Bb5 {[%clk 0:16:31]} 31. Nexc5 {[%clk 0:43:02]} Qf5
{[%clk 0:11:35]} 32. Nc3 {[%clk 0:38:50]} Bd4 {[%clk 0:11:03]} 33. Qd2
{[%clk 0:39:11]} dxc5 {[%clk 0:04:54]} 34. Nxb5 {[%clk 0:39:31]} Rxb5
{[%clk 0:05:23]} 35. Rxe8 {[%clk 0:39:52]} Qxd5 {[%clk 0:05:46]} 36. Be5
{[%clk 0:39:23]} 1-0

[Event "eytcc"]
[Site "?"]
[Date "2017.08.17"]
[Round "1.3"]
[White "Schitco, Ivan"]
[Black "Sawlin, Leonid"]
[Result "1/2-1/2"]
[BlackElo "2331"]
[WhiteElo "2315"]
[LiveChessVersion "1.4.4"]

1. d4 {[%clk 1:30:57]} e6 {[%clk 1:30:49]} 2. c4 {[%clk 1:31:15]} Nf6
{[%clk 1:31:12]} 3. g3 {[%clk 1:31:34]} d5 {[%clk 1:31:37]} 4. Bg2
{[%clk 1:31:45]} Be7 {[%clk 1:32:00]} 5. Nf3 {[%clk 1:31:48]} O-O
{[%clk 1:32:22]} 6. Nc3 {[%clk 1:31:26]} c6 {[%clk 1:32:16]} 7. O-O
{[%clk 1:31:03]} Nbd7 {[%clk 1:32:39]} 8. Bf4 {[%clk 1:26:30]} dxc4
{[%clk 1:28:44]} 9. e4 {[%clk 1:24:55]} b5 {[%clk 1:27:21]} 10. d5
{[%clk 1:19:34]} exd5 {[%clk 1:07:02]} 11. exd5 {[%clk 1:18:18]} cxd5
{[%clk 1:04:54]} 12. Nxd5 {[%clk 1:17:11]} Nxd5 {[%clk 1:04:03]} 13. Qxd5
{[%clk 1:17:27]} Ba6 {[%clk 0:49:19]} 14. Nd4 {[%clk 1:09:27]} Bf6
{[%clk 0:37:57]} 15. Nc6 {[%clk 1:00:46]} Nb6 {[%clk 0:30:44]} 16. Qxd8
{[%clk 0:59:15]} Raxd8 {[%clk 0:27:31]} 17. Nxd8 {[%clk 0:58:54]} Rxd8
{[%clk 0:27:54]} 18. Rad1 {[%clk 0:54:57]} Rc8 {[%clk 0:28:12]} 19. Bh3
{[%clk 0:52:44]} Ra8 {[%clk 0:28:36]} 20. Bg2 {[%clk 0:41:00]} Rc8
{[%clk 0:28:58]} 21. Bh3 {[%clk 0:32:22]} Ra8 {[%clk 0:29:21]} 22. Bg2
{[%clk 0:32:33]} Rc8 {[%clk 0:29:45]} 23. Bh3 {[%clk 0:32:56]} 1/2-1/2

[Event "eytcc"]
[Site "?"]
[Date "2017.08.17"]
[Round "1.4"]
[White "Lagunow, Raphael"]
[Black "Martinovici, Ilie"]
[Result "0-1"]
[BlackElo "2059"]
[WhiteElo "2358"]
[LiveChessVersion "1.4.4"]

1. Nf3 {[%clk 1:30:57]} Nf6 {[%clk 1:30:41]} 2. g3 {[%clk 1:31:21]} d5
{[%clk 1:30:57]} 3. Bg2 {[%clk 1:31:43]} c6 {[%clk 1:31:16]} 4. O-O
{[%clk 1:31:51]} Bg4 {[%clk 1:31:32]} 5. h3 {[%clk 1:30:25]} Bxf3
{[%clk 1:31:36]} 6. Bxf3 {[%clk 1:30:42]} e5 {[%clk 1:31:28]} 7. d3
{[%clk 1:30:16]} Bd6 {[%clk 1:28:46]} 8. Nd2 {[%clk 1:22:48]} O-O
{[%clk 1:27:37]} 9. e4 {[%clk 1:22:34]} Nbd7 {[%clk 1:24:38]} 10. b3
{[%clk 1:15:46]} a5 {[%clk 1:20:22]} 11. a3 {[%clk 1:08:58]} Qe7 {[%clk 1:17:40]}
12. exd5 {[%clk 1:02:39]} cxd5 {[%clk 1:16:08]} 13. c4 {[%clk 0:57:32]} Nc5
{[%clk 1:10:51]} 14. cxd5 {[%clk 0:51:44]} Nxd3 {[%clk 1:10:13]} 15. Nc4
{[%clk 0:51:29]} Nxc1 {[%clk 1:03:20]} 16. Rxc1 {[%clk 0:51:35]} b5
{[%clk 0:54:51]} 17. Nxd6 {[%clk 0:47:55]} Qxd6 {[%clk 0:54:57]} 18. Re1
{[%clk 0:37:02]} Rfe8 {[%clk 0:53:11]} 19. Rc6 {[%clk 0:21:01]} Qxa3
{[%clk 0:51:08]} 20. d6 {[%clk 0:21:00]} Rad8 {[%clk 0:50:11]} 21. Bd5
{[%clk 0:20:27]} Qb4 {[%clk 0:46:49]} 22. Re2 {[%clk 0:18:32]} Rd7
{[%clk 0:43:04]} 23. g4 {[%clk 0:07:50]} Red8 {[%clk 0:39:24]} 24. g5
{[%clk 0:06:25]} Rxd6 {[%clk 0:35:26]} 25. gxf6 {[%clk 0:06:06]} Rxd5
{[%clk 0:35:30]} 26. Qc2 {[%clk 0:03:23]} Qf4 {[%clk 0:30:59]} 27. Qe4
{[%clk 0:02:15]} Qxe4 {[%clk 0:28:35]} 28. Rxe4 {[%clk 0:02:44]} gxf6
{[%clk 0:28:56]} 29. Rxf6 {[%clk 0:02:10]} Ra8 {[%clk 0:26:05]} 30. Rg4+
{[%clk 0:00:33]} Kf8 {[%clk 0:26:07]} 31. Rf3 {[%clk 0:00:36]} a4
{[%clk 0:25:38]} 32. bxa4 {[%clk 0:01:05]} bxa4 {[%clk 0:26:02]} 33. Ra3
{[%clk 0:01:15]} Rd4 {[%clk 0:26:26]} 34. Rgg3 {[%clk 0:01:03]} Ra6
{[%clk 0:26:24]} 35. Rge3 {[%clk 0:00:57]} f6 {[%clk 0:26:41]} 36. Kg2
{[%clk 0:00:56]} Ke7 {[%clk 0:27:02]} 37. Rec3 {[%clk 0:00:55]} Ke6
{[%clk 0:27:20]} 38. Rc7 {[%clk 0:00:56]} h5 {[%clk 0:27:42]} 39. Rc8
{[%clk 0:00:36]} Kd5 {[%clk 0:27:38]} 40. Kf3 {[%clk 0:30:36]} Rb4
{[%clk 0:57:29]} 41. Rd8+ {[%clk 0:28:54]} Ke6 {[%clk 0:55:20]} 42. Kg2
{[%clk 0:24:01]} Rb3 {[%clk 0:54:36]} 43. Rxb3 {[%clk 0:23:13]} axb3
{[%clk 0:55:00]} 44. Rb8 {[%clk 0:23:39]} Ra3 {[%clk 0:55:13]} 45. Kg3
{[%clk 0:22:59]} Kd5 {[%clk 0:53:05]} 46. Kh4 {[%clk 0:20:44]} Ra4+
{[%clk 0:53:29]} 47. Kxh5 {[%clk 0:20:35]} Kc4 {[%clk 0:53:54]} 48. Kg6
{[%clk 0:14:21]} Rb4 {[%clk 0:54:14]} 49. Rc8+ {[%clk 0:14:42]} Kd3
{[%clk 0:54:39]} 50. Rc1 {[%clk 0:14:45]} b2 {[%clk 0:54:56]} 51. Rb1
{[%clk 0:15:14]} Kc2 {[%clk 0:55:19]} 52. Rxb2+ {[%clk 0:15:39]} Kxb2
{[%clk 0:55:45]} 53. Kxf6 {[%clk 0:15:59]} Rf4+ {[%clk 0:56:12]} 0-1

[Event "eytcc"]
[Site "?"]
[Date "2017.08.17"]
[Round "1.5"]
[White "Livaic, Leon"]
[Black "Haring, Viktor"]
[Result "1-0"]
[BlackElo "2317"]
[WhiteElo "2464"]
[LiveChessVersion "1.4.4"]

1. d4 {[%clk 1:30:58]} Nf6 {[%clk 1:30:37]} 2. c4 {[%clk 1:31:18]} e6
{[%clk 1:30:56]} 3. Nf3 {[%clk 1:31:39]} Bb4+ {[%clk 1:30:15]} 4. Bd2
{[%clk 1:31:50]} c5 {[%clk 1:30:18]} 5. Bxb4 {[%clk 1:32:11]} cxb4
{[%clk 1:30:40]} 6. e3 {[%clk 1:32:32]} O-O {[%clk 1:30:02]} 7. Be2
{[%clk 1:32:40]} a5 {[%clk 1:22:24]} 8. a3 {[%clk 1:30:28]} Na6 {[%clk 1:21:58]}
9. Ne5 {[%clk 1:28:24]} b6 {[%clk 1:00:55]} 10. Bf3 {[%clk 1:22:11]} Rb8
{[%clk 1:01:14]} 11. Nd3 {[%clk 1:09:42]} d5 {[%clk 0:52:58]} 12. Nd2
{[%clk 1:01:03]} bxa3 {[%clk 0:43:43]} 13. bxa3 {[%clk 1:01:21]} Bb7
{[%clk 0:41:14]} 14. O-O {[%clk 0:57:30]} dxc4 {[%clk 0:36:15]} 15. Nxc4
{[%clk 0:57:10]} Ne4 {[%clk 0:25:52]} 16. Rc1 {[%clk 0:38:10]} Rc8
{[%clk 0:18:26]} 17. Nd2 {[%clk 0:28:26]} Rxc1 {[%clk 0:12:05]} 18. Qxc1
{[%clk 0:28:52]} Qa8 {[%clk 0:08:00]} 19. Nxe4 {[%clk 0:26:56]} Bxe4
{[%clk 0:08:11]} 20. Bxe4 {[%clk 0:27:15]} Qxe4 {[%clk 0:08:29]} 21. Ne5
{[%clk 0:16:03]} Qb7 {[%clk 0:02:41]} 22. Qc6 {[%clk 0:16:21]} Rb8
{[%clk 0:00:40]} 23. Rc1 {[%clk 0:14:31]} g6 {[%clk 0:00:38]} 24. Nd7
{[%clk 0:13:25]} Qxc6 {[%clk 0:00:39]} 25. Rxc6 {[%clk 0:13:53]} Rb7
{[%clk 0:00:36]} 26. Rxb6 {[%clk 0:07:28]} Rxd7 {[%clk 0:00:44]} 27. Rxa6
{[%clk 0:07:54]} e5 {[%clk 0:00:46]} 28. Rxa5 {[%clk 0:07:10]} exd4
{[%clk 0:01:10]} 29. exd4 {[%clk 0:07:09]} Rxd4 {[%clk 0:01:32]} 30. g3
{[%clk 0:07:19]} Kg7 {[%clk 0:00:49]} 31. Kg2 {[%clk 0:07:03]} Rd3
{[%clk 0:01:13]} 32. Ra8 {[%clk 0:06:31]} h5 {[%clk 0:01:04]} 33. h4
{[%clk 0:06:22]} Rb3 {[%clk 0:00:59]} 34. Kf1 {[%clk 0:05:05]} Rb2
{[%clk 0:01:12]} 35. Re8 {[%clk 0:05:03]} Ra2 {[%clk 0:00:46]} 36. Re3
{[%clk 0:05:14]} Kf6 {[%clk 0:00:53]} 37. Ke1 {[%clk 0:03:04]} Kg7
{[%clk 0:01:00]} 38. f4 {[%clk 0:02:42]} Kf6 {[%clk 0:01:05]} 39. Kd1
{[%clk 0:03:07]} Kf5 {[%clk 0:00:36]} 40. Kc1 {[%clk 0:33:18]} Rg2
{[%clk 0:30:36]} 41. Kb1 {[%clk 0:32:14]} Rd2 {[%clk 0:09:53]} 42. a4
{[%clk 0:31:39]} Rd4 {[%clk 0:05:44]} 43. Ra3 {[%clk 0:31:35]} Rd6
{[%clk 0:00:45]} 44. a5 {[%clk 0:31:11]} Ra6 {[%clk 0:01:10]} 45. Kc2
{[%clk 0:28:48]} Ke4 {[%clk 0:00:39]} 46. Kc3 {[%clk 0:28:45]} Kd5
{[%clk 0:00:58]} 47. Kb4 {[%clk 0:28:51]} Kc6 {[%clk 0:00:58]} 48. Rc3+
{[%clk 0:28:30]} Kb7 {[%clk 0:00:55]} 49. Re3 {[%clk 0:26:33]} Rf6
{[%clk 0:00:36]} 50. Kb5 {[%clk 0:26:44]} Rf5+ {[%clk 0:00:33]} 51. Re5
{[%clk 0:27:04]} Rf6 {[%clk 0:00:58]} 52. a6+ {[%clk 0:23:53]} Kb8
{[%clk 0:01:08]} 53. Re8+ {[%clk 0:23:13]} Ka7 {[%clk 0:01:23]} 54. Re7+
{[%clk 0:23:38]} Kb8 {[%clk 0:01:34]} 55. Rb7+ {[%clk 0:17:16]} Ka8
{[%clk 0:00:58]} 56. Rc7 {[%clk 0:17:42]} Kb8 {[%clk 0:00:35]} 57. Rc6
{[%clk 0:17:46]} Rf5+ {[%clk 0:00:32]} 58. Kb6 {[%clk 0:18:10]} Rd5
{[%clk 0:00:34]} 59. a7+ {[%clk 0:18:35]} Ka8 {[%clk 0:01:00]} 60. Rc8#
{[%clk 0:19:02]} 1-0

[Event "eytcc"]
[Site "?"]
[Date "2017.08.17"]
[Round "1.6"]
[White "Macko, Miroslav"]
[Black "Plenca, Jadranko"]
[Result "0-1"]
[BlackElo "2446"]
[WhiteElo "2304"]
[LiveChessVersion "1.4.4"]

1. d4 {[%clk 1:30:56]} Nf6 {[%clk 1:30:42]} 2. Bf4 {[%clk 1:31:15]} c5
{[%clk 1:29:08]} 3. e3 {[%clk 1:31:20]} d5 {[%clk 1:28:01]} 4. Nf3
{[%clk 1:31:37]} Nc6 {[%clk 1:28:12]} 5. Nbd2 {[%clk 1:31:53]} Bf5
{[%clk 1:24:38]} 6. c3 {[%clk 1:29:35]} e6 {[%clk 1:21:48]} 7. Qb3
{[%clk 1:26:12]} Qc8 {[%clk 1:21:38]} 8. Bb5 {[%clk 1:23:54]} a6 {[%clk 1:15:00]}
9. Bxc6+ {[%clk 1:15:07]} bxc6 {[%clk 1:15:11]} 10. Ne5 {[%clk 1:11:15]} Rb8
{[%clk 1:06:26]} 11. Qa4 {[%clk 1:10:04]} Rxb2 {[%clk 0:58:56]} 12. Nxc6
{[%clk 0:55:39]} Bc2 {[%clk 0:52:34]} 13. Nb3 {[%clk 0:50:15]} Nd7
{[%clk 0:37:37]} 14. Ne5 {[%clk 0:38:45]} cxd4 {[%clk 0:35:58]} 15. cxd4
{[%clk 0:31:53]} Qc3+ {[%clk 0:34:33]} 16. Kf1 {[%clk 0:31:35]} Bd3+
{[%clk 0:34:50]} 17. Kg1 {[%clk 0:29:09]} Bb5 {[%clk 0:35:13]} 18. Qa5
{[%clk 0:28:20]} Bb4 {[%clk 0:35:32]} 0-1

[Event "eytcc"]
[Site "?"]
[Date "2017.08.17"]
[Round "1.7"]
[White "Tica, Sven"]
[Black "Haring, Filip"]
[Result "1/2-1/2"]
[BlackElo "2258"]
[WhiteElo "2368"]
[LiveChessVersion "1.4.4"]

1. d4 {[%clk 1:30:57]} Nf6 {[%clk 1:30:47]} 2. c4 {[%clk 1:31:22]} e6
{[%clk 1:30:57]} 3. g3 {[%clk 1:31:47]} Bb4+ {[%clk 1:31:12]} 4. Bd2
{[%clk 1:32:13]} c5 {[%clk 1:31:21]} 5. Bxb4 {[%clk 1:32:37]} cxb4
{[%clk 1:31:41]} 6. Bg2 {[%clk 1:33:03]} O-O {[%clk 1:31:51]} 7. e4
{[%clk 1:33:28]} d6 {[%clk 1:31:55]} 8. Ne2 {[%clk 1:33:52]} e5 {[%clk 1:31:37]}
9. a3 {[%clk 1:34:16]} bxa3 {[%clk 1:26:15]} 10. Rxa3 {[%clk 1:34:05]} Qc7
{[%clk 1:18:04]} 11. Rc3 {[%clk 1:22:44]} Bg4 {[%clk 1:13:29]} 12. f3
{[%clk 1:22:44]} Bd7 {[%clk 1:09:53]} 13. Na3 {[%clk 1:14:35]} Nc6
{[%clk 1:04:11]} 14. Qd2 {[%clk 1:08:16]} Qb6 {[%clk 0:50:16]} 15. c5
{[%clk 1:06:24]} Qb4 {[%clk 0:45:52]} 16. d5 {[%clk 0:48:52]} Na5
{[%clk 0:43:05]} 17. Nc1 {[%clk 0:45:53]} dxc5 {[%clk 0:38:23]} 18. Nd3
{[%clk 0:45:46]} Qb6 {[%clk 0:38:07]} 19. Nxe5 {[%clk 0:41:56]} Bb5
{[%clk 0:30:18]} 20. Nec4 {[%clk 0:33:46]} Nxc4 {[%clk 0:28:44]} 21. Nxc4
{[%clk 0:34:09]} Bxc4 {[%clk 0:28:08]} 22. Rxc4 {[%clk 0:34:37]} Qa6
{[%clk 0:23:41]} 23. b3 {[%clk 0:26:01]} Qa1+ {[%clk 0:10:40]} 24. Kf2
{[%clk 0:25:22]} Qa3 {[%clk 0:09:05]} 25. Qc2 {[%clk 0:24:18]} b5
{[%clk 0:08:22]} 26. Rxc5 {[%clk 0:22:47]} Nd7 {[%clk 0:08:09]} 27. Rc7
{[%clk 0:19:36]} Ne5 {[%clk 0:07:53]} 28. Rd1 {[%clk 0:17:39]} a5
{[%clk 0:06:02]} 29. Bf1 {[%clk 0:14:36]} a4 {[%clk 0:04:56]} 30. Rb1
{[%clk 0:14:42]} Qd6 {[%clk 0:02:08]} 31. bxa4 {[%clk 0:08:30]} bxa4
{[%clk 0:02:27]} 32. Be2 {[%clk 0:08:51]} a3 {[%clk 0:01:18]} 33. Qc3
{[%clk 0:09:04]} a2 {[%clk 0:00:49]} 34. Ra1 {[%clk 0:09:13]} Ra3
{[%clk 0:00:36]} 35. Qc5 {[%clk 0:09:26]} Rxf3+ {[%clk 0:00:42]} 36. Kg2
{[%clk 0:08:34]} Qxc5 {[%clk 0:00:38]} 37. Rxc5 {[%clk 0:09:02]} Ra3
{[%clk 0:00:36]} 38. d6 {[%clk 0:07:43]} Nd7 {[%clk 0:00:37]} 39. Rc7
{[%clk 0:07:04]} Rd8 {[%clk 0:00:32]} 40. Rc2 {[%clk 0:32:11]} Nb6
{[%clk 0:30:36]} 41. Rd2 {[%clk 0:28:08]} f6 {[%clk 0:27:31]} 42. Bg4
{[%clk 0:24:57]} Kf7 {[%clk 0:26:48]} 43. d7 {[%clk 0:22:06]} Nc4
{[%clk 0:24:57]} 1/2-1/2

[Event "eytcc"]
[Site "?"]
[Date "2017.08.17"]
[Round "1.8"]
[White "Sahidi, Samir"]
[Black "Tomulic, Teo"]
[Result "1-0"]
[BlackElo "2319"]
[WhiteElo "2212"]
[LiveChessVersion "1.4.4"]

1. d4 {[%clk 1:30:51]} Nf6 {[%clk 1:30:53]} 2. c4 {[%clk 1:30:44]} e6
{[%clk 1:31:18]} 3. Nc3 {[%clk 1:30:18]} Bb4 {[%clk 1:31:41]} 4. Qc2
{[%clk 1:29:54]} d5 {[%clk 1:30:43]} 5. cxd5 {[%clk 1:29:19]} exd5
{[%clk 1:30:12]} 6. Bg5 {[%clk 1:28:46]} h6 {[%clk 1:06:29]} 7. Bh4
{[%clk 1:24:51]} c6 {[%clk 1:06:04]} 8. e3 {[%clk 1:23:44]} Nbd7 {[%clk 1:01:33]}
9. Bd3 {[%clk 1:22:00]} O-O {[%clk 1:00:51]} 10. Nge2 {[%clk 1:18:32]} Re8
{[%clk 0:59:59]} 11. O-O {[%clk 1:12:08]} Nf8 {[%clk 0:57:31]} 12. Rae1
{[%clk 0:59:45]} Bd6 {[%clk 0:36:03]} 13. Bg3 {[%clk 0:57:35]} Ne6
{[%clk 0:36:05]} 14. f3 {[%clk 0:56:39]} b6 {[%clk 0:32:19]} 15. Bxd6
{[%clk 0:54:31]} Qxd6 {[%clk 0:32:41]} 16. Ng3 {[%clk 0:54:27]} Bb7
{[%clk 0:31:32]} 17. Nf5 {[%clk 0:53:46]} Qf8 {[%clk 0:31:35]} 18. Qf2
{[%clk 0:51:01]} Rad8 {[%clk 0:23:10]} 19. Qh4 {[%clk 0:48:41]} Ng5
{[%clk 0:21:42]} 20. e4 {[%clk 0:44:15]} dxe4 {[%clk 0:09:19]} 21. fxe4
{[%clk 0:43:53]} Nfh7 {[%clk 0:08:26]} 22. e5 {[%clk 0:41:08]} c5
{[%clk 0:06:39]} 23. Nd6 {[%clk 0:38:49]} Re7 {[%clk 0:04:37]} 24. d5
{[%clk 0:36:46]} Rxd6 {[%clk 0:01:57]} 25. exd6 {[%clk 0:36:15]} Rxe1
{[%clk 0:01:56]} 26. Qxe1 {[%clk 0:36:12]} Qxd6 {[%clk 0:02:11]} 27. Qe8+
{[%clk 0:35:37]} Nf8 {[%clk 0:02:25]} 28. h4 {[%clk 0:35:25]} Nh3+
{[%clk 0:02:09]} 29. Kh1 {[%clk 0:34:59]} Nf4 {[%clk 0:01:01]} 30. Be4
{[%clk 0:33:49]} Ba6 {[%clk 0:00:47]} 31. Rf3 {[%clk 0:33:39]} f6
{[%clk 0:00:34]} 32. g3 {[%clk 0:32:36]} Ne2 {[%clk 0:00:38]} 33. Nxe2
{[%clk 0:32:00]} Bxe2 {[%clk 0:01:06]} 34. Re3 {[%clk 0:30:48]} Bc4
{[%clk 0:01:11]} 35. Kh2 {[%clk 0:30:46]} Bxd5 {[%clk 0:00:47]} 36. Rd3
{[%clk 0:30:56]} 1-0

[Event "eytcc"]
[Site "?"]
[Date "2017.08.17"]
[Round "1.9"]
[White "Pacan-Milej, Kosma"]
[Black "Kantor, Gergely"]
[Result "0-1"]
[BlackElo "2479"]
[WhiteElo "2338"]
[LiveChessVersion "1.4.4"]

1. d4 {[%clk 1:30:56]} Nf6 {[%clk 1:30:49]} 2. c4 {[%clk 1:31:16]} e6
{[%clk 1:31:07]} 3. Nf3 {[%clk 1:31:30]} b6 {[%clk 1:31:31]} 4. g3
{[%clk 1:31:43]} Ba6 {[%clk 1:31:53]} 5. b3 {[%clk 1:32:06]} Bb4+
{[%clk 1:32:11]} 6. Bd2 {[%clk 1:32:25]} Be7 {[%clk 1:32:33]} 7. Nc3
{[%clk 1:31:47]} d5 {[%clk 1:32:33]} 8. cxd5 {[%clk 1:30:44]} exd5
{[%clk 1:28:58]} 9. Bg2 {[%clk 1:30:59]} O-O {[%clk 1:28:57]} 10. O-O
{[%clk 1:31:00]} Nbd7 {[%clk 1:28:32]} 11. Rc1 {[%clk 1:29:07]} Re8
{[%clk 1:26:40]} 12. Ne5 {[%clk 1:10:09]} Bb7 {[%clk 1:26:04]} 13. Nb5
{[%clk 0:54:33]} c5 {[%clk 1:22:14]} 14. Bf4 {[%clk 0:51:33]} Nf8
{[%clk 0:56:35]} 15. dxc5 {[%clk 0:46:13]} bxc5 {[%clk 0:54:27]} 16. Nc4
{[%clk 0:30:52]} Ne6 {[%clk 0:53:03]} 17. Be5 {[%clk 0:16:00]} Ng4
{[%clk 0:30:55]} 18. Bb2 {[%clk 0:01:51]} Ba6 {[%clk 0:28:32]} 19. Nca3
{[%clk 0:01:03]} Bf6 {[%clk 0:26:21]} 20. Bxf6 {[%clk 0:01:12]} Nxf6
{[%clk 0:26:41]} 21. Nc3 {[%clk 0:00:38]} Qa5 {[%clk 0:25:07]} 22. Nab1
{[%clk 0:00:50]} Rad8 {[%clk 0:24:05]} 23. Re1 {[%clk 0:00:54]} d4
{[%clk 0:15:36]} 24. Ne4 {[%clk 0:00:41]} Nxe4 {[%clk 0:13:58]} 25. Bxe4
{[%clk 0:01:10]} Nf4 {[%clk 0:11:24]} 26. Bf3 {[%clk 0:01:16]} d3
{[%clk 0:09:11]} 27. gxf4 d2 {[%clk 0:08:55]} 28. Nc3 {[%clk 0:00:54]} c4
{[%clk 0:04:06]} 29. Qc2 {[%clk 0:00:39]} cxb3 {[%clk 0:03:55]} 30. axb3
{[%clk 0:01:07]} dxe1=Q+ {[%clk 0:03:41]} 31. Rxe1 {[%clk 0:01:36]} Rc8
{[%clk 0:03:12]} 32. Rc1 {[%clk 0:02:04]} Re7 {[%clk 0:02:06]} 33. Qb2
{[%clk 0:01:39]} Rec7 {[%clk 0:01:47]} 34. b4 {[%clk 0:01:03]} Qf5
{[%clk 0:00:45]} 35. Qd2 {[%clk 0:00:45]} Qf6 {[%clk 0:00:49]} 36. Na2
{[%clk 0:00:33]} Rxc1+ {[%clk 0:01:03]} 37. Nxc1 {[%clk 0:00:58]} Qa1
{[%clk 0:01:20]} 0-1